00832nam a2200145Ia 4500008004100000020001800041050001900059100006600078245007800144260002000222300002000242505013200262650002400394700026800418120626s9999 xx 000 0 und d a84-7827-324-7 aTX364 E38 2004 aEducación para la salud : la alimentación / Enrique Banet aEducación para la salud : la alimentación / Enrique Banet... [et al.] aEspaña : Grao a124 p. : tablas a1. las actitudes hacia la salud, 2. educación para al salud escolar, educación infantil y primaria, educación secundaria, aEDUCACIÓN - SALUD aBANET, Enrique (coaut.) II. BUIZA, Carmen (coaut.) III. DEL CARMEN, Luis (coaut.) IV. FEBREL, Mercedes (coaut.) V. FERRER, José María (coaut.) VI. FUENTES, Marta (coaut.) VII. GALLEGO, Javier (coaut.) VIII. GAVIDIA, Valentín (coaut.) IX. GÓMEZ, Carmina (c